| 000 | 00626nam a22002177a 4500 | ||
|---|---|---|---|
| 008 | 240706b mp ||||| |||| 00| 0 mon d | ||
| 035 | _a3982 | ||
| 040 |
_aBH0164090 _bmon _cMN-UlNLM _dMN-UlNLM _erda |
||
| 041 | _amon | ||
| 042 | _a55577 | ||
| 084 |
_2NNA _a84/2орос/ _bЛ-59 |
||
| 100 | _aЛиндгрен А. | ||
| 245 | 0 | _aАх дүү хоёр арслан зүрхт | |
| 264 |
_aУлаанбаатар _bДинго ХХК _c1998 |
||
| 300 | _a152х. | ||
| 336 |
_2rdacontent _atext _btxt |
||
| 337 |
_2rdamedia _aunmediated _bn |
||
| 338 |
_2rdacarrier _avolume _bnc |
||
| 650 | _aТууж | ||
| 942 |
_2NNA _cBK |
||
| 999 |
_c1103373 _d1103430 |
||